书目信息 |
| 题名: |
大学英语教学中的教师自我表露研究
|
|
| 作者: | 郭思含 著 | |
| 分册: | ||
| 出版信息: | 北京 中国商务出版社 2021.03 |
|
| 页数: | 278页 | |
| 开本: | 24cm | |
| 丛书名: | ||
| 单 册: | ||
| 中图分类: | H319.3 | |
| 科图分类: | ||
| 主题词: | 英语--ying yu--教学研究--高等学校 | |
| 电子资源: | ||
| ISBN: | 978-7-5103-3294-4 | |
| 000 | 01006nam0 2200241 450 | |
| 001 | 0100028426 | |
| 005 | 20211025120205.0 | |
| 010 | @a978-7-5103-3294-4@dCNY86.00 | |
| 100 | @a20210318d2021 em y0chiy50 ea | |
| 101 | 0 | @achi@aeng |
| 102 | @aCN@b110000 | |
| 105 | @aa a 000yy | |
| 106 | @ar | |
| 200 | 1 | @a大学英语教学中的教师自我表露研究@Ada xue ying yu jiao xue zhong de jiao shi zi wo biao lu yan jiu@f郭思含著 |
| 210 | @a北京@c中国商务出版社@d2021.03 | |
| 215 | @a278页@c图@d24cm | |
| 320 | @a有书目 (第251-266页) | |
| 330 | @a本书对大学英语教学中的教师自我表露进行了系统研究, 内容包括: 大学英语教学中的教师自我表露的研究回顾、自我表露研究的理论基础、研究思路与研究方法、大学英语课堂教学的“应然”与两校大学英语课堂教学的“实然”、大学英语教师对自我表露的认识及运用、学生对大学英语教师自我表露的认识及要求等。 | |
| 606 | 0 | @a英语@Aying yu@x教学研究@x高等学校 |
| 690 | @aH319.3@v5 | |
| 701 | 0 | @a郭思含@Aguo si han@4著 |
| 801 | 0 | @aCN@c20210909 |
| 905 | @a河南城建学院图书馆@dH319.3@eG832 | |
| 大学英语教学中的教师自我表露研究/郭思含著.-北京:中国商务出版社,2021.03 |
| 278页:图;24cm |
| ISBN 978-7-5103-3294-4:CNY86.00 |
| 本书对大学英语教学中的教师自我表露进行了系统研究, 内容包括: 大学英语教学中的教师自我表露的研究回顾、自我表露研究的理论基础、研究思路与研究方法、大学英语课堂教学的“应然”与两校大学英语课堂教学的“实然”、大学英语教师对自我表露的认识及运用、学生对大学英语教师自我表露的认识及要求等。 |
| ● |
| 相关链接 |
|
|
|
正题名:大学英语教学中的教师自我表露研究
索取号:H319.3/G832
 
预约/预借
| 序号 | 登录号 | 条形码 | 馆藏地/架位号 | 状态 | 备注 |
| 1 | 1546404 | 215464049 | 语言库209/209语言库 42排3列5层/ [索取号:H319.3/G832] | 在馆 | |
| 2 | 1546405 | 215464058 | 语言库209/209语言库 42排3列5层/ [索取号:H319.3/G832] | 在馆 |